000 00300nam a22001217a 4500
008 180208b xxu||||| |||| 00| 0 eng d
041 _aeng
080 _22nd
_a33
100 _a58
101 _aBIZ
245 _aManagement objectives results for business and indusry
_cMorrisey,G.L
942 _2udc
_cBK
999 _c42143
_d42143